00611nam a2200157 a 450000100100000000500170001000800410002704000250006810000320009324500950012526000810022030000210030104900090032295201050033199900170043600002569120200930023957.0110221s1995 dr 000 0 spa d aDO-SdBNPbspacBNPHU1 aGallardo Rivas, Gina95246310aBuscando la vida :bdominicanas en el servicio domestico en Madrid /cGina Gallardo Rivas. aSanto Domingo :bCentro de Investigación para la Acción Femenina,c1995. a168 p. ;c20 cm. aBNPD 0010718PDaPDbPDcCTd2011-02-21iLF1l0o p25691-10r2020-06-25w2020-06-25yLFPDZNo se presta c25183d25183